[Event "Marianske Lazne op 50+"]
[Site "Marianske Lazne"]
[Date "2022.01.15"]
[Round "1"]
[White "Palek, Miroslav"]
[Black "Truksa, Vaclav"]
[Result "1-0"]
[WhiteElo "2115"]
[BlackElo "1766"]
[PlyCount "59"]
[EventDate "2022.01.15"]
[EventType "swiss"]
[EventRounds "9"]
[EventCountry "CZE"]
[SourceTitle "EXT 2023"]
[Source "ChessBase"]
[SourceDate "2022.10.05"]
[SourceVersion "1"]
[SourceVersionDate "2022.10.05"]
[SourceQuality "1"]

1. e4 c5 2. Nf3 d6 3. d4 cxd4 4. Qxd4 Nc6 5. Bb5 Bd7 6. Bxc6 Bxc6 7. Nc3 e5 8. Qd3 Nf6 9. Bg5 Be7 10. 0-0-0 Qc7 11. Bxf6 gxf6 12. Nh4 Rc8 13. Nf5 Rg8 14. g3 a6 15. Nxd6+ Bxd6 16. Qxd6 Qxd6 17. Rxd6 f5 18. Re1 Rg6 19. Rxg6 hxg6 20. exf5 Ke7 21. fxg6 fxg6 22. Rxe5+ Kf6 23. f4 Rd8 24. Ne4+ Kf7 25. Ng5+ Kf6 26. Re6+ Kf5 27. h3 Bd5 28. Re3 Bg8 29. Re7 Bd5 30. Nh7 1-0

[Event "Marianske Lazne op 50+"]
[Site "Marianske Lazne"]
[Date "2019.01.21"]
[Round "3"]
[White "Chmelik, Jiri"]
[Black "Truksa, Vaclav"]
[Result "1-0"]
[WhiteElo "1977"]
[BlackElo "1802"]
[PlyCount "50"]
[EventDate "2019.01.19"]
[EventType "swiss"]
[EventRounds "9"]
[EventCountry "CZE"]
[SourceTitle "CBM 188 Extra"]
[Source "ChessBase"]
[SourceDate "2019.02.26"]
[SourceVersion "1"]
[SourceVersionDate "2019.02.26"]
[SourceQuality "1"]

1. d4 Nf6 2. c4 g6 3. Nc3 Bg7 4. e4 d6 5. f3 0-0 6. Be3 c6 7. Qd2 e5 8. d5 c5 9. Nge2 Na6 10. Nc1 Nc7 11. Nd3 Bd7 12. b4 b6 13. Be2 a5 14. bxc5 bxc5 15. 0-0 Qe7 16. Rab1 Rfb8 17. Rb2 Qe8 18. Rfb1 Nh5 19. Rb6 Bf8 20. a3 Ng7 21. R1b2 Qc8 22. Qc1 Rxb6 23. Rxb6 Rb8 24. Qb1 Rxb6 25. Qxb6 Qa6 1-0

[Event "CZE-ch Seniors 60"]
[Site "Rychnov nad Kneznou"]
[Date "2015.08.22"]
[Round "8"]
[White "Zboril, Jaroslav"]
[Black "Truksa, Vaclav"]
[Result "1/2-1/2"]
[WhiteElo "1998"]
[BlackElo "1857"]
[PlyCount "89"]
[EventDate "2015.08.15"]
[EventType "swiss"]
[EventRounds "9"]
[EventCountry "CZE"]
[SourceTitle "EXT 2016"]
[Source "ChessBase"]
[SourceDate "2015.10.08"]
[SourceVersion "1"]
[SourceVersionDate "2015.10.08"]
[SourceQuality "1"]

1. Nf3 Nf6 2. d4 g6 3. Bf4 Bg7 4. e3 0-0 5. h3 d5 6. Nbd2 Nbd7 7. Be2 Re8 8. Ne5 Nxe5 9. Bxe5 Nd7 10. Bxg7 Kxg7 11. Nf3 e5 12. dxe5 Nxe5 13. Qd4 f6 14. 0-0-0 c6 15. g4 Nf7 16. g5 Bf5 17. h4 Re4 18. Qc3 Bg4 19. Nd4 Bxe2 20. Nxe2 Qd6 21. Ng3 Rg4 22. e4 Rd8 23. exd5 cxd5 24. Rd4 Rxd4 25. Qxd4 Qc6 26. Re1 Rc8 27. c3 Rd8 28. Re7 a6 29. Qxf6+ Qxf6 30. gxf6+ Kxf6 31. Rxb7 h5 32. a4 Rd6 33. b4 Ne5 34. Kc2 Nf3 35. Kd3 Nxh4 36. Kd4 Nf5+ 37. Kc5 Rd8 38. Nxf5 Kxf5 39. Rh7 Kg4 40. b5 axb5 41. axb5 Rc8+ 42. Kxd5 Rxc3 43. b6 h4 44. b7 Rb3 45. Ke4 1/2-1/2

[Event "CZE-chT2A 1314"]
[Site "Czech Republic"]
[Date "2014.01.05"]
[Round "5.8"]
[White "Truksa, Vaclav"]
[Black "Pokorny, Petr"]
[Result "0-1"]
[WhiteElo "1867"]
[BlackElo "2171"]
[PlyCount "94"]
[EventDate "2013.11.03"]
[EventType "team-tourn"]
[EventRounds "11"]
[EventCountry "CZE"]
[SourceTitle "EXT 2015"]
[Source "ChessBase"]
[SourceDate "2014.11.20"]
[SourceVersion "1"]
[SourceVersionDate "2014.11.20"]
[SourceQuality "1"]
[WhiteTeam "Tachov"]
[BlackTeam "Postovni sporitelna II"]
[WhiteTeamCountry "CZE"]
[BlackTeamCountry "CZE"]

1. d4 d5 2. Nf3 c6 3. e3 e6 4. Nbd2 f5 5. Bd3 Nf6 6. b3 Bd6 7. a4 Qe7 8. Bb2 0-0 9. c4 a5 10. c5 Bc7 11. Rc1 Nbd7 12. Ne5 Nxe5 13. dxe5 Nd7 14. Nf3 Nxc5 15. Rxc5 Qxc5 16. 0-0 Qe7 17. Qc1 c5 18. Ba3 b6 19. Bb2 Bb7 20. Be2 Rac8 21. Rd1 Rfd8 22. g3 Bb8 23. Qa1 Qc7 24. Ng5 Re8 25. h4 Ba7 26. Ba3 Bc6 27. Bh5 g6 28. Be2 Rb8 29. Rc1 Bd7 30. h5 Kg7 31. Kg2 Rh8 32. h6+ Kxh6 33. Nf7+ Kg7 34. Nd6 Bc6 35. f3 Qe7 36. Rh1 Rbd8 37. Bb2 h5 38. Qc1 Rh7 39. Kf2 Bb8 40. Rh2 Kg8 41. f4 Qg7 42. Bf3 Kf8 43. Qc2 Ke7 44. Qe2 Bc7 45. Kg1 Qg8 46. Rf2 Rxd6 47. exd6+ Bxd6 0-1

[Event "Czech Fed-ch U16"]
[Site "Hrdonov"]
[Date "2013.10.29"]
[Round "4"]
[White "Cesenek, Jan"]
[Black "Truksa, Vaclav"]
[Result "1/2-1/2"]
[WhiteElo "1819"]
[BlackElo "1660"]
[PlyCount "106"]
[EventDate "2013.10.26"]
[EventType "swiss"]
[EventRounds "9"]
[EventCountry "CZE"]
[SourceTitle "EXT 2016"]
[Source "ChessBase"]
[SourceDate "2015.10.08"]
[SourceVersion "1"]
[SourceVersionDate "2015.10.08"]
[SourceQuality "1"]

1. c4 Nf6 2. Nc3 e6 3. g3 c5 4. Bg2 Nc6 5. Nf3 Be7 6. 0-0 0-0 7. d4 cxd4 8. Nxd4 Qb6 9. Nb3 Ne5 10. c5 Bxc5 11. Na4 Bxf2+ 12. Rxf2 Qb4 13. Rf4 Qe7 14. Nac5 d5 15. e4 b6 16. Nd3 Ng6 17. e5 Nd7 18. Qh5 Nxf4 19. Bxf4 Ba6 20. Nf2 Nc5 21. Ng4 Nxb3 22. axb3 Bd3 23. Bg5 Qc5+ 24. Kh1 Bg6 25. Qh4 Qc2 26. Rf1 Be4 27. Ne3 Bxg2+ 28. Nxg2 Qe4 29. Qxe4 dxe4 30. Ne3 h6 31. Be7 Rfe8 32. Bd6 Rad8 33. Rf4 f5 34. exf6 gxf6 35. Bb4 f5 36. Bc3 Rd3 37. Nc4 Red8 38. Kg2 b5 39. Ne5 R3d5 40. Nc6 R8d7 41. Ne5 Rc7 42. Ng6 b4 43. Bxb4 Kf7 44. Nh4 Rc2+ 45. Rf2 Rxf2+ 46. Kxf2 Kf6 47. Ng2 e5 48. Bc3 h5 49. Nf4 Rb5 50. Nxh5+ Kg6 51. g4 f4 52. h4 Rd5 53. Ke2 a6 1/2-1/2

[Event "Czech Fed-ch U16"]
[Site "Hrdonov"]
[Date "2013.10.29"]
[Round "5"]
[White "Truksa, Vaclav"]
[Black "Janska, Jitka"]
[Result "0-1"]
[WhiteElo "1660"]
[BlackElo "1931"]
[PlyCount "50"]
[EventDate "2013.10.26"]
[EventType "swiss"]
[EventRounds "9"]
[EventCountry "CZE"]
[SourceTitle "EXT 2016"]
[Source "ChessBase"]
[SourceDate "2015.10.08"]
[SourceVersion "1"]
[SourceVersionDate "2015.10.08"]
[SourceQuality "1"]

1. e4 e5 2. f4 Bc5 3. Nf3 d6 4. Nc3 Nf6 5. d3 a6 6. Qe2 Nc6 7. Be3 Nd4 8. Bxd4 Bxd4 9. Nxd4 exd4 10. Nd1 Bg4 11. Qf2 Bxd1 12. Rxd1 c5 13. Kd2 Qa5+ 14. Kc1 Qxa2 15. e5 Ng4 16. Qg3 Ne3 17. Qf3 Qa1+ 18. Kd2 Qxd1+ 19. Qxd1 Nxd1 20. Kxd1 dxe5 21. fxe5 0-0 22. Be2 Rfe8 23. Bf3 Rxe5 24. Bxb7 Rb8 25. Bxa6 Ra8 0-1

[Event "CZE-ch U14"]
[Site "Kouty nad Desnou"]
[Date "2013.03.13"]
[Round "6"]
[White "Gemsa, Pavel"]
[Black "Truksa, Vaclav"]
[Result "1/2-1/2"]
[WhiteElo "1598"]
[BlackElo "1682"]
[PlyCount "46"]
[EventDate "2013.03.09"]
[EventType "swiss"]
[EventRounds "9"]
[EventCountry "CZE"]
[SourceTitle "EXT 2015"]
[Source "ChessBase"]
[SourceDate "2014.11.20"]
[SourceVersion "1"]
[SourceVersionDate "2014.11.20"]
[SourceQuality "1"]

1. e4 c5 2. Nc3 d6 3. f4 e6 4. Nf3 Nf6 5. Bc4 a6 6. a4 Be7 7. 0-0 Qa5 8. d3 b5 9. Ba2 b4 10. Ne2 Qxa4 11. Be3 Qc6 12. Bb3 0-0 13. Qe1 Qc7 14. Qg3 Rd8 15. f5 exf5 16. Ng5 Rf8 17. exf5 Nbd7 18. Nf4 Ne5 19. Nd5 Qb7 20. Nxe7+ Qxe7 21. Ne4 Kh8 22. Nxf6 gxf6 23. Rf4 Rg8 1/2-1/2

[Event "CZE-ch U14"]
[Site "Kouty nad Desnou"]
[Date "2013.03.10"]
[Round "2"]
[White "Truksa, Vaclav"]
[Black "Cach, Jakub"]
[Result "0-1"]
[WhiteElo "1682"]
[BlackElo "1719"]
[PlyCount "84"]
[EventDate "2013.03.09"]
[EventType "swiss"]
[EventRounds "9"]
[EventCountry "CZE"]
[SourceTitle "EXT 2015"]
[Source "ChessBase"]
[SourceDate "2014.11.20"]
[SourceVersion "1"]
[SourceVersionDate "2014.11.20"]
[SourceQuality "1"]

1. e4 e5 2. Nf3 Nc6 3. Bb5 Bc5 4. 0-0 d6 5. c3 Bd7 6. d4 exd4 7. cxd4 Bb6 8. Nc3 Nge7 9. Bg5 h6 10. Be3 a6 11. Ba4 Na5 12. Qd3 Bxa4 13. Nxa4 Ba7 14. Rac1 Qd7 15. b3 b5 16. Nb2 Nb7 17. Rfd1 0-0 18. Rc2 c6 19. Rdc1 Rac8 20. Qd2 Qg4 21. Qd3 f5 22. e5 f4 23. Bd2 Bb8 24. Bb4 a5 25. exd6 Bxd6 26. Bxd6 Nxd6 27. Ne5 Qg5 28. Nxc6 Nxc6 29. Rxc6 f3 30. g3 Qxc1+ 31. Rxc1 Rxc1+ 32. Nd1 Ne4 33. h4 Nc3 34. Kh2 Nxd1 35. Qd2 Rfc8 36. Qe1 a4 37. Qe6+ Kh8 38. Qf5 axb3 39. axb3 Nxf2 40. Qxf3 R1c2 41. d5 Ng4+ 42. Kh3 h5 0-1

[Event "CZE-ch U12"]
[Site "Kouty nad Desnou"]
[Date "2011.03.18"]
[Round "8"]
[White "Stuchly, Ondrej"]
[Black "Truksa, Vaclav"]
[Result "1/2-1/2"]
[WhiteElo "1594"]
[BlackElo "1484"]
[PlyCount "90"]
[EventDate "2011.03.12"]
[EventType "swiss"]
[EventRounds "9"]
[EventCountry "CZE"]
[SourceTitle "EXT 2014"]
[Source "ChessBase"]
[SourceDate "2013.11.20"]
[SourceVersion "1"]
[SourceVersionDate "2013.11.20"]
[SourceQuality "1"]

1. e4 d6 2. d4 Nf6 3. Nc3 g6 4. Nf3 Bg7 5. Be2 Nbd7 6. h3 b6 7. Be3 c5 8. 0-0 0-0 9. a4 cxd4 10. Nxd4 Bb7 11. f3 Rc8 12. a5 bxa5 13. Nb3 Nc5 14. Nxc5 dxc5 15. Qxd8 Rfxd8 16. Rxa5 e6 17. Rxa7 Bc6 18. Rd1 Rxd1+ 19. Nxd1 Nh5 20. Ra5 Bd4 21. Bxd4 cxd4 22. Rc5 Bd7 23. Rxc8+ Bxc8 24. Nf2 Kf8 25. Ng4 Ke7 26. Kf2 Kd6 27. Bb5 f5 28. exf5 gxf5 29. Nh6 Kc5 30. Be8 Nf6 31. Bf7 e5 32. g4 fxg4 33. hxg4 e4 34. fxe4 Nxe4+ 35. Ke2 Ba6+ 36. Ke1 Bc8 37. Nf5 Ng5 38. Bg8 h5 39. Nh6 hxg4 40. Kf2 Ne4+ 41. Kg2 Kb4 42. Bh7 Nc5 43. Kg3 d3 44. cxd3 Nxd3 45. Bxd3 Kb3 1/2-1/2

[Event "CZE-ch U12"]
[Site "Kouty nad Desnou"]
[Date "2011.03.16"]
[Round "6"]
[White "Truksa, Vaclav"]
[Black "Soukup, Vaclav1111"]
[Result "1-0"]
[WhiteElo "1484"]
[BlackElo "1421"]
[PlyCount "107"]
[EventDate "2011.03.12"]
[EventType "swiss"]
[EventRounds "9"]
[EventCountry "CZE"]
[SourceTitle "EXT 2014"]
[Source "ChessBase"]
[SourceDate "2013.11.20"]
[SourceVersion "1"]
[SourceVersionDate "2013.11.20"]
[SourceQuality "1"]

1. e4 e5 2. f4 d5 3. exd5 e4 4. d3 Nf6 5. Nc3 Bb4 6. Bd2 e3 7. Bxe3 Nxd5 8. Bd2 Bxc3 9. bxc3 0-0 10. Qf3 c6 11. Be2 Qf6 12. d4 Re8 13. Kf2 Bf5 14. Nh3 Be4 15. Qg3 Nd7 16. Rhe1 c5 17. Qg5 cxd4 18. Qxf6 N7xf6 19. cxd4 Bxc2 20. Kg1 Ne4 21. Bf3 Re7 22. Bc1 b5 23. Bb2 Rae8 24. Rac1 Bd3 25. Bxe4 Rxe4 26. Rxe4 Bxe4 27. Rc5 a6 28. g3 Nb4 29. Ng5 f6 30. Ba3 Nd3 31. Nxe4 Rxe4 32. Rc8+ Kf7 33. Rc7+ Kg6 34. Bf8 Rxd4 35. Rxg7+ Kf5 36. Rxh7 Re4 37. a3 b4 38. axb4 Nxb4 39. Ra7 Re1+ 40. Kg2 Rb1 41. Bxb4 Rxb4 42. Rxa6 Rb2+ 43. Kh3 Rb3 44. Kh4 Rb7 45. Ra5+ Kg6 46. Kg4 Rf7 47. Ra6 Rh7 48. f5+ Kg7 49. Ra7+ Kh6 50. Rxh7+ Kxh7 51. Kh5 Kg7 52. h4 Kh7 53. g4 Kg7 54. g5 1-0

[Event "CZE-ch U12"]
[Site "Kouty nad Desnou"]
[Date "2011.03.14"]
[Round "3"]
[White "Koukal, Ondrej"]
[Black "Truksa, Vaclav"]
[Result "0-1"]
[WhiteElo "1546"]
[BlackElo "1484"]
[PlyCount "64"]
[EventDate "2011.03.12"]
[EventType "swiss"]
[EventRounds "9"]
[EventCountry "CZE"]
[SourceTitle "EXT 2014"]
[Source "ChessBase"]
[SourceDate "2013.11.20"]
[SourceVersion "1"]
[SourceVersionDate "2013.11.20"]
[SourceQuality "1"]

1. Nf3 d6 2. g3 Nf6 3. d3 g6 4. Bg2 Nc6 5. e4 Bg7 6. c3 Bg4 7. Nbd2 Qd7 8. h3 Bxf3 9. Nxf3 e6 10. 0-0 0-0-0 11. b4 Ne5 12. a4 Ne8 13. d4 Nxf3+ 14. Qxf3 e5 15. d5 f5 16. Be3 fxe4 17. Qxe4 Qf5 18. Qxf5+ gxf5 19. Bxa7 b6 20. a5 Kb7 21. axb6 cxb6 22. c4 Ra8 23. Bxb6 Rxa1 24. Rxa1 Kxb6 25. c5+ dxc5 26. bxc5+ Kxc5 27. Ra5+ Kb6 28. Ra1 e4 29. Rd1 Nd6 30. f3 Kc5 31. fxe4 Bd4+ 32. Kf1 fxe4 0-1

[Event "CZE-ch U12"]
[Site "Kouty nad Desnou"]
[Date "2011.03.14"]
[Round "4"]
[White "Truksa, Vaclav"]
[Black "Zeman, Radek"]
[Result "0-1"]
[WhiteElo "1484"]
[BlackElo "1747"]
[PlyCount "62"]
[EventDate "2011.03.12"]
[EventType "swiss"]
[EventRounds "9"]
[EventCountry "CZE"]
[SourceTitle "EXT 2014"]
[Source "ChessBase"]
[SourceDate "2013.11.20"]
[SourceVersion "1"]
[SourceVersionDate "2013.11.20"]
[SourceQuality "1"]

1. e4 e5 2. f4 d5 3. exd5 c6 4. Nf3 exf4 5. d4 Bd6 6. dxc6 Nxc6 7. Bd3 Nge7 8. 0-0 0-0 9. Nc3 Bg4 10. Bxh7+ Kh8 11. Be4 Qc7 12. h3 Bxf3 13. Qxf3 f5 14. Qh5+ Kg8 15. Bd5+ Nxd5 16. Nxd5 Qa5 17. Nxf4 Nxd4 18. Be3 Nxc2 19. Ng6 Nxe3 20. Rf3 Rfe8 21. Qh8+ Kf7 22. Qh5 Qc5 23. Kh1 Ke6 24. Re1 Kd7 25. Qh7 Qd4 26. Qh5 Qd2 27. Rg1 Rac8 28. Nf4 Rc1 29. Qf7+ Re7 30. Qb3 Rxg1+ 31. Kxg1 Qe1+ 0-1

[Event "CZE Czechia-ch U12"]
[Site "Harrachov"]
[Date "2009.10.24"]
[Round "1"]
[White "Truksa, Vaclav"]
[Black "Gregor, Jiri3333"]
[Result "0-1"]
[WhiteElo "1100"]
[BlackElo "1466"]
[PlyCount "73"]
[EventDate "2009.10.24"]
[EventType "swiss"]
[EventRounds "9"]
[EventCountry "CZE"]
[SourceTitle "EXT 2012"]
[Source "ChessBase"]
[SourceDate "2011.11.24"]
[SourceVersion "1"]
[SourceVersionDate "2011.11.24"]
[SourceQuality "1"]

1. e4 c5 2. b4 cxb4 3. a3 bxa3 4. Nxa3 Nc6 5. d4 d5 6. e5 e6 7. Bd3 Nxd4 8. Ne2 Nc6 9. f4 Bc5 10. Ng3 Nge7 11. Nh5 Kf8 12. Qg4 Ng6 13. Bxg6 hxg6 14. Ng3 Qh4 15. Qf3 b6 16. Be3 Bxe3 17. Qxe3 Qe7 18. 0-0 Qc5 19. Qxc5+ bxc5 20. Nb5 a5 21. Rab1 Rb8 22. Nc3 Rxb1 23. Rxb1 Bd7 24. Rb7 Ke7 25. Nce2 Rb8 26. Rc7 Kd8 27. Rb7 Ke7 28. Rc7 f6 29. Nc3 fxe5 30. fxe5 c4 31. Nb5 Nxe5 32. Na7 Kd8 33. Rc5 Ra8 34. Rxa5 Nc6 35. Nxc6+ Bxc6 36. Rc5 Kd7 37. Rb5 0-1

[Event "Sec Svetla op"]
[Site "Sec u Chrudimi"]
[Date "2008.10.29"]
[Round "6"]
[White "Truksa, Vaclav"]
[Black "Kindl, Jan"]
[Result "0-1"]
[WhiteElo "1907"]
[BlackElo "1861"]
[PlyCount "38"]
[EventDate "2008.10.25"]
[EventType "swiss"]
[EventRounds "9"]
[EventCountry "CZE"]
[SourceTitle "EXT 2023"]
[Source "ChessBase"]
[SourceDate "2022.10.05"]
[SourceVersion "1"]
[SourceVersionDate "2022.10.05"]
[SourceQuality "1"]

1. d4 Nf6 2. Nf3 c5 3. e3 e6 4. c3 Nc6 5. Bd3 d5 6. Nbd2 Bd6 7. 0-0 0-0 8. e4 dxe4 9. Nxe4 Nxe4 10. Bxe4 Qc7 11. Be3 cxd4 12. cxd4 Bd7 13. Rc1 Rac8 14. Bb1 Bf4 15. Re1 Bxe3 16. Rxe3 h6 17. Qd3 g6 18. Ne5 Nxe5 19. Rxc7 Nxd3 0-1

[Event "Sec Svetla op"]
[Site "Sec u Chrudimi"]
[Date "2008.10.27"]
[Round "3"]
[White "Truksa, Vaclav"]
[Black "Novacek, Karel"]
[Result "0-1"]
[WhiteElo "1907"]
[BlackElo "2083"]
[PlyCount "120"]
[EventDate "2008.10.25"]
[EventType "swiss"]
[EventRounds "9"]
[EventCountry "CZE"]
[SourceTitle "EXT 2023"]
[Source "ChessBase"]
[SourceDate "2022.10.05"]
[SourceVersion "1"]
[SourceVersionDate "2022.10.05"]
[SourceQuality "1"]

1. d4 Nf6 2. Nf3 g6 3. c4 Bg7 4. Nc3 0-0 5. e4 d6 6. Be2 e5 7. 0-0 Nc6 8. d5 Ne7 9. Ne1 Nd7 10. Be3 f5 11. f3 f4 12. Bf2 g5 13. Rc1 a5 14. Nb5 b6 15. a3 Ba6 16. Nc3 Rf6 17. b4 axb4 18. axb4 Rg6 19. c5 bxc5 20. bxc5 h5 21. cxd6 cxd6 22. Nb5 Bxb5 23. Bxb5 g4 24. Bh4 Nf6 25. Kh1 Kh7 26. Rc2 Bh6 27. Bxf6 Rxf6 28. fxg4 hxg4 29. Qxg4 Ra7 30. Nf3 Rg6 31. Qh5 Ng8 32. Qf5 Qf6 33. Bd7 Ne7 34. Qxf6 Rxf6 35. Be6 Rf8 36. Rfc1 Rb8 37. h3 Kg6 38. Kh2 Kf6 39. Rf1 Rb4 40. Re2 Raa4 41. Rfe1 Ng6 42. Bd7 Ra3 43. Rf1 Rc3 44. Bf5 Ne7 45. Bg4 Ng6 46. Ra1 Re3 47. Rxe3 fxe3 48. Bf5 Ne7 49. g4 Nxf5 50. exf5 e4 51. g5+ Bxg5 52. Nxg5 Kxg5 53. Re1 Kxf5 54. Rxe3 Rb5 55. Kg2 Kf4 56. Re1 Rxd5 57. Rf1+ Ke5 58. Kf2 Rd2+ 59. Kg3 d5 60. h4 Rd3+ 0-1

[Event "Sec op-A"]
[Site "Sec u Chrudimi"]
[Date "2007.10.25"]
[Round "7"]
[White "Truksa, Vaclav"]
[Black "Straka, Ondrej"]
[Result "0-1"]
[WhiteElo "2006"]
[BlackElo "1826"]
[PlyCount "49"]
[EventDate "2007.10.20"]
[EventType "swiss"]
[EventRounds "9"]
[EventCountry "CZE"]
[SourceTitle "EXT 2022"]
[Source "ChessBase"]
[SourceDate "2021.10.06"]
[SourceVersion "1"]
[SourceVersionDate "2021.10.06"]
[SourceQuality "1"]

1. d4 Nf6 2. Nf3 c5 3. dxc5 e6 4. c4 Bxc5 5. e3 Nc6 6. a3 a5 7. b3 0-0 8. Bb2 d5 9. Be2 b6 10. 0-0 Bb7 11. Nc3 d4 12. exd4 Nxd4 13. Nxd4 Bxd4 14. Bf3 Bxf3 15. Qxf3 Qb8 16. Rad1 e5 17. Rfe1 Re8 18. Bc1 Kf8 19. Nb5 e4 20. Qh3 Be5 21. Bg5 h6 22. Bxf6 Bxf6 23. Nd6 Re6 24. Nxe4 Qe8 25. Kf1 0-1

[Event "CZE Juniorcentrum op-B"]
[Site "Sec u Chrudimi"]
[Date "2005.10.28"]
[Round "8"]
[White "Fangl, Jiri"]
[Black "Truksa, Vaclav"]
[Result "0-1"]
[WhiteElo "1749"]
[BlackElo "1785"]
[PlyCount "43"]
[EventDate "2005.10.22"]
[EventType "swiss"]
[EventRounds "9"]
[EventCountry "CZE"]
[SourceTitle "EXT 2008"]
[Source "ChessBase"]
[SourceDate "2007.11.25"]
[SourceVersion "1"]
[SourceVersionDate "2007.11.25"]
[SourceQuality "1"]

1. d4 Nf6 2. c4 g6 3. Nc3 Bg7 4. e4 d6 5. Nf3 0-0 6. Bd3 Nc6 7. a3 Bg4 8. Be3 e5 9. d5 Ne7 10. h3 Bxf3 11. Qxf3 a5 12. Rc1 a4 13. c5 c6 14. cxd6 Qxd6 15. 0-0 cxd5 16. exd5 Nexd5 17. Nb5 Qd7 18. Bg5 e4 19. Bxe4 Qxb5 20. Rcd1 Nxe4 21. Qxe4 Nf6 22. Qf3 0-1

[Event "CZE Juniorcentrum op-B"]
[Site "Sec u Chrudimi"]
[Date "2005.10.27"]
[Round "7"]
[White "Kaluzny, Jiri"]
[Black "Truksa, Vaclav"]
[Result "0-1"]
[WhiteElo "1658"]
[BlackElo "1785"]
[PlyCount "104"]
[EventDate "2005.10.22"]
[EventType "swiss"]
[EventRounds "9"]
[EventCountry "CZE"]
[SourceTitle "EXT 2008"]
[Source "ChessBase"]
[SourceDate "2007.11.25"]
[SourceVersion "1"]
[SourceVersionDate "2007.11.25"]
[SourceQuality "1"]

1. d4 Nf6 2. c4 d6 3. Nc3 g6 4. Bg5 Nbd7 5. g3 Bg7 6. Bg2 0-0 7. Qd2 c6 8. Bh6 e5 9. Bxg7 Kxg7 10. dxe5 dxe5 11. Rd1 Re8 12. Nf3 Qb6 13. e3 Nc5 14. 0-0 Bg4 15. h3 Rad8 16. Qe2 Bf5 17. Rxd8 Qxd8 18. Rd1 Qc7 19. b4 Ncd7 20. c5 h6 21. Qb2 Be6 22. Rd6 Re7 23. g4 Ne8 24. Rd1 a5 25. a3 axb4 26. axb4 f5 27. gxf5 gxf5 28. Nh4 Kf6 29. f4 Rg7 30. Kh1 Rg3 31. Rg1 Ng7 32. Kh2 Nh5 33. Bf3 Rxg1 34. Kxg1 Ng7 35. Qg2 Bf7 36. Qb2 Ke7 37. Ne2 Nh5 38. Nxf5+ Kf8 39. Nxh6 Ng7 40. Nxf7 Kxf7 41. Qd2 Ke7 42. Bg4 Nf6 43. Bf3 Ne6 44. fxe5 Qxe5 45. Qc3 Qg5+ 46. Kh2 Qf5 47. Kg2 Ng5 48. Bg4 Qd5+ 49. Kh2 Nge4 50. Qd4 Qg5 51. Ng3 Nxg4+ 52. hxg4 Qh4+ 0-1